Frutales y abejas /
Guardado en:
| Autor Principal: | |
|---|---|
| Formato: | Libro |
| Publicado: |
Madrid :
Publicaciones Agrarias,
1986
|
| Materias: | |
| Etiquetas: |
Agregar Etiqueta
Sin Etiquetas, Sea el primero en etiquetar este registro!
|
| LEADER | 00557nam a22002055a 4500 | ||
|---|---|---|---|
| 001 | CEM.cems016739 | ||
| 005 | 20100602160107.0 | ||
| 008 | 130507s1986##################000#0#####d | ||
| 003 | CEMS | ||
| 082 | 0 | 4 | |a 634 |
| 100 | 1 | |a Rallo Garcia, Juan B | |
| 245 | 1 | 0 | |a Frutales y abejas / |c Juan B Rallo Garcia, |
| 260 | |a Madrid : |b Publicaciones Agrarias, |c 1986 | ||
| 300 | |a 231 p. | ||
| 653 | |a Frutales | ||
| 653 | |a Polinizacion | ||
| 653 | |a Polen | ||
| 653 | |a Nectar | ||
| 653 | |a Aguacate-polinizacion | ||
| 859 | |a CEMS |b BIB. CEMS - Agricultura |h 634 |i R139 |p A18250.95 |t Ej.1 | ||
